00278nam a22001097a 4500020001800000041000800018082001600026100001200042245005100054260004300105650002000148 a9781907653155 aENG a297.09bHOU aHoutsma aInternational Encyclopaedia of Islamic History aLondon , UKbKoros Press Limitedc2011 aIslamic History